2807-神戸新交通の駅 - Statistics

General Stats
  • This quiz has been taken 134 times
  • The average score is 15 of 20
Answer Stats
本線 % Correct
三宮
98%
神戸空港
97%
住吉
90%
魚崎
86%
計算科学センター
81%
北埠頭
80%
貿易センター
78%
中公園
78%
中埠頭
78%
中公園
78%
マリンパーク
72%
市民広場
70%
市民広場
70%
南魚崎
70%
ポートターミナル
69%
アイランド北口
69%
みなとじま
67%
南公園
67%
アイランドセンター
66%
医療センター
54%
No matching quizzes found
Score Distribution
Percent of People with Each Score
Percentile by Number Answered
Your Score History
You have not taken this quiz